000
00290nam a2200121 a 4500
005
20140414093834.0
008
030610s19uu xx 00 eng d
050
_a
CDR 574
_b
INT 1997
245
_a
Interactive concepts in Biology.
650
_a
Biology.
942
_c
AVM
999
_c
108916
_d
108916